[Event "Titled Tuesday intern op 21st Dec"]
[Site "Chess.com INT"]
[Date "2021.12.21"]
[Round "5"]
[White "Sailer, Mike L"]
[Black "Derraugh, Geordie"]
[Result "0-1"]
[WhiteElo "2109"]
[BlackElo "2209"]
[PlyCount "64"]
[EventDate "2021.12.21"]
[EventType "swiss (blitz)"]
[EventRounds "11"]
[EventCountry "USA"]
[SourceTitle "CBM 205 Extra"]
[Source "ChessBase"]
[SourceDate "2022.01.31"]
[SourceVersion "1"]
[SourceVersionDate "2022.01.31"]
[SourceQuality "1"]

1. d4 Nf6 2. Nf3 d5 3. Bf4 g6 4. e3 Bg7 5. Be2 O-O 6. O-O c5 7. c3 Ne4 8. Nbd2 Nc6 9. Nxe4 dxe4 10. Nd2 cxd4 11. cxd4 Qd5 12. Bc4 Qf5 13. h3 h5 14. a3 Nxd4 15. g4 hxg4 16. hxg4 Qf6 17. Nxe4 Qc6 18. Nd2 e5 19. Rc1 Qd7 20. exd4 exf4 21. f3 Qxd4+ 22. Kg2 Qxb2 23. Rf2 Qxa3 24. Ne4 Qe7 25. g5 Bf5 26. Re2 Bxe4 27. Rxe4 Qxg5+ 28. Kf2 Qg3+ 29. Kf1 Rad8 30. Qe2 Rd2 31. Qxd2 Qxf3+ 32. Qf2 Qxe4 0-1

[Event "Titled Tuesday intern op 21st Dec"]
[Site "Chess.com INT"]
[Date "2021.12.21"]
[Round "5"]
[White "Savchenko, Boris"]
[Black "Sadhwani, Raunak"]
[Result "1-0"]
[WhiteElo "2535"]
[BlackElo "2616"]
[PlyCount "73"]
[EventDate "2021.12.21"]
[EventType "swiss (blitz)"]
[EventRounds "11"]
[EventCountry "USA"]
[SourceTitle "CBM 205 Extra"]
[Source "ChessBase"]
[SourceDate "2022.01.31"]
[SourceVersion "1"]
[SourceVersionDate "2022.01.31"]
[SourceQuality "1"]

1. e4 e5 2. Nf3 Nc6 3. Bc4 Bc5 4. c3 Nf6 5. d4 exd4 6. e5 d5 7. Be2 Ne4 8. cxd4 Bb6 9. Nc3 O-O 10. Be3 f5 11. exf6 Nxf6 12. O-O Bg4 13. a3 Qd6 14. Na4 Rae8 15. Rc1 Ne4 16. b4 a6 17. Nc5 Bxc5 18. bxc5 Qf6 19. Rc2 Qg6 20. Re1 Rf6 21. g3 Ref8 22. Ne5 Bxe2 23. Rexe2 Qf5 24. f4 h6 25. g4 Qc8 26. f5 Re8 27. Bf4 Nd8 28. Qd3 Nf7 29. Qb3 c6 30. h3 h5 31. Re3 hxg4 32. hxg4 g5 33. Bh2 Rh6 34. Rxe4 Kg7 35. Re3 Reh8 36. Rf2 Rh5 37. gxh5 1-0

[Event "Titled Tuesday intern op 21st Dec"]
[Site "Chess.com INT"]
[Date "2021.12.21"]
[Round "5"]
[White "Sawyer, Bradley J"]
[Black "Shuvalova, Polina"]
[Result "0-1"]
[WhiteElo "2172"]
[BlackElo "2516"]
[PlyCount "122"]
[EventDate "2021.12.21"]
[EventType "swiss (blitz)"]
[EventRounds "11"]
[EventCountry "USA"]
[SourceTitle "CBM 205 Extra"]
[Source "ChessBase"]
[SourceDate "2022.01.31"]
[SourceVersion "1"]
[SourceVersionDate "2022.01.31"]
[SourceQuality "1"]

1. e4 c6 2. d4 d5 3. Nc3 dxe4 4. Nxe4 Bf5 5. Ng3 Bg6 6. h4 h6 7. Nf3 Nd7 8. h5 Bh7 9. Bd3 Bxd3 10. Qxd3 Ngf6 11. Bd2 e6 12. O-O-O Be7 13. Kb1 Qb6 14. Bc1 Rd8 15. Qe2 O-O 16. Ne4 Qb5 17. Qxb5 cxb5 18. Nc3 a6 19. Ne5 Bb4 20. Ne2 Nb6 21. c3 Bd6 22. f4 Nbd5 23. Rdf1 Ne4 24. g4 f6 25. Ng6 Rfe8 26. Rhg1 Ne7 27. Nxe7+ Bxe7 28. Ng3 Nd6 29. Re1 Kf7 30. Re2 Bf8 31. Rge1 Nc4 32. Ne4 e5 33. dxe5 fxe5 34. g5 exf4 35. gxh6 gxh6 36. Rf2 Bg7 37. Bxf4 Kg8 38. Rfe2 Rf8 39. Bc1 Rf5 40. Rg1 Kf7 41. Reg2 Bf8 42. Rg6 Rxh5 43. Rf6+ Ke7 44. Rgf1 Ne5 45. Nc5 Re8 46. Re6+ Kd8 47. Nxb7+ Kd7 48. Nc5+ Bxc5 49. Rxh6 Rxh6 50. Bxh6 Re6 51. Bf4 Nd3 52. Rd1 Kc6 53. Rxd3 Re2 54. Rd2 Re4 55. Bh6 Rh4 56. Bg5 Rg4 57. Bf6 Be3 58. Re2 Bc5 59. Re6+ Kb7 60. a3 Rg6 61. Kc2 Bf2 0-1

[Event "Titled Tuesday intern op 21st Dec"]
[Site "Chess.com INT"]
[Date "2021.12.21"]
[Round "5"]
[White "Seo, Jung Min"]
[Black "Ilyasli, Ughur"]
[Result "1-0"]
[WhiteElo "2459"]
[BlackElo "2310"]
[PlyCount "59"]
[EventDate "2021.12.21"]
[EventType "swiss (blitz)"]
[EventRounds "11"]
[EventCountry "USA"]
[SourceTitle "CBM 205 Extra"]
[Source "ChessBase"]
[SourceDate "2022.01.31"]
[SourceVersion "1"]
[SourceVersionDate "2022.01.31"]
[SourceQuality "1"]

1. d4 Nf6 2. c4 g6 3. Nc3 Bg7 4. e4 d6 5. f3 O-O 6. Be3 e5 7. Nge2 Nbd7 8. Qd2 c6 9. d5 cxd5 10. cxd5 a6 11. g4 b5 12. Ng3 b4 13. Na4 Qa5 14. b3 Nc5 15. Nxc5 dxc5 16. h4 Ne8 17. Rc1 Nd6 18. Rxc5 Qd8 19. h5 f5 20. gxf5 gxf5 21. h6 Bf6 22. Nxf5 Nxf5 23. exf5 Bxf5 24. Bd3 Bh4+ 25. Ke2 e4 26. Bxe4 Bxe4 27. fxe4 Qf6 28. Rg1+ Kf7 29. Rf1 Qxf1+ 30. Kxf1 1-0

[Event "Titled Tuesday intern op 21st Dec"]
[Site "Chess.com INT"]
[Date "2021.12.21"]
[Round "5"]
[White "Sevgi, Volkan"]
[Black "Narayanan, Sunilduth Lyna"]
[Result "1/2-1/2"]
[WhiteElo "2344"]
[BlackElo "2658"]
[PlyCount "58"]
[EventDate "2021.12.21"]
[EventType "swiss (blitz)"]
[EventRounds "11"]
[EventCountry "USA"]
[SourceTitle "CBM 205 Extra"]
[Source "ChessBase"]
[SourceDate "2022.01.31"]
[SourceVersion "1"]
[SourceVersionDate "2022.01.31"]
[SourceQuality "1"]

1. e4 e5 2. Nc3 Nf6 3. g3 Bc5 4. Bg2 d6 5. h3 Nc6 6. d3 a6 7. Nge2 h6 8. O-O g5 9. Kh2 Bd7 10. Nd5 Nxd5 11. exd5 Nd4 12. Nxd4 Bxd4 13. c3 Bb6 14. Be3 Bxe3 15. fxe3 O-O 16. Qh5 Kg7 17. e4 f5 18. exf5 Bxf5 19. Be4 Qd7 20. h4 Bxe4 21. dxe4 Qe7 22. Qg4 Rxf1 23. Rxf1 Rf8 24. Rxf8 Qxf8 25. hxg5 Qf2+ 26. Kh3 Qf1+ 27. Kh2 Qf2+ 28. Kh3 Qf1+ 29. Kh2 Qf2+ 1/2-1/2

[Event "Titled Tuesday intern op 21st Dec"]
[Site "Chess.com INT"]
[Date "2021.12.21"]
[Round "5"]
[White "Shkapenko, Pavel"]
[Black "Rozhkov, Viacheslav"]
[Result "1-0"]
[WhiteElo "2424"]
[BlackElo "2248"]
[PlyCount "129"]
[EventDate "2021.12.21"]
[EventType "swiss (blitz)"]
[EventRounds "11"]
[EventCountry "USA"]
[SourceTitle "CBM 205 Extra"]
[Source "ChessBase"]
[SourceDate "2022.01.31"]
[SourceVersion "1"]
[SourceVersionDate "2022.01.31"]
[SourceQuality "1"]

1. e4 c5 2. c3 Nf6 3. e5 Nd5 4. d4 cxd4 5. cxd4 d6 6. Nf3 Nc6 7. Bc4 Nb6 8. Bb3 d5 9. Nh4 e6 10. Nf3 Be7 11. O-O Bd7 12. Nc3 Na5 13. Bc2 Rc8 14. Rb1 Nac4 15. Ne2 f5 16. exf6 Bxf6 17. b3 Nd6 18. Bf4 Ne4 19. Ne5 Bb5 20. Re1 O-O 21. a4 Nxf2 22. Qd2 Bxe5 23. Bxe5 Rxc2 24. Qxc2 Bd3 25. Qd2 Bxb1 26. Rxb1 Ne4 27. Qe3 Nd7 28. Bf4 Qf6 29. h3 Rc8 30. Rc1 Rxc1+ 31. Nxc1 h6 32. Nd3 Qg6 33. Be5 Kh7 34. Kh2 Qf5 35. Bc7 Ndf6 36. Be5 Qh5 37. Kg1 Qd1+ 38. Kh2 Qc2 39. Nf4 Qc6 40. Bxf6 gxf6 41. Qf3 Qd6 42. Qg4 Ng5 43. Kh1 f5 44. Qh4 Qf8 45. Qe1 Qf6 46. Qc3 Ne4 47. Qc7+ Qg7 48. Nxe6 Qxc7 49. Nxc7 Nd2 50. b4 Nb3 51. Nxd5 Nxd4 52. b5 Kg6 53. Kg1 Kf7 54. Kf2 Ke6 55. Nf4+ Ke5 56. Ng6+ Kf6 57. Nf4 Ke5 58. Nd3+ Kd5 59. Ke3 b6 60. Kf4 Kc4 61. Ne5+ Kb4 62. Nc6+ Kc5 63. Nxd4 Kxd4 64. Kxf5 Kc4 65. Ke4 1-0

[Event "Titled Tuesday intern op 21st Dec"]
[Site "Chess.com INT"]
[Date "2021.12.21"]
[Round "5"]
[White "Shyam, Nikil P"]
[Black "Jacobson, Brandon"]
[Result "0-1"]
[WhiteElo "2442"]
[BlackElo "2530"]
[PlyCount "74"]
[EventDate "2021.12.21"]
[EventType "swiss (blitz)"]
[EventRounds "11"]
[EventCountry "USA"]
[SourceTitle "CBM 205 Extra"]
[Source "ChessBase"]
[SourceDate "2022.01.31"]
[SourceVersion "1"]
[SourceVersionDate "2022.01.31"]
[SourceQuality "1"]

1. e4 e5 2. Nf3 Nc6 3. d4 exd4 4. Nxd4 Nf6 5. Nxc6 bxc6 6. e5 Qe7 7. Qe2 Nd5 8. h4 f6 9. c4 Ba6 10. exf6 Nxf6 11. Nc3 Qxe2+ 12. Bxe2 Bb4 13. Bd2 O-O 14. O-O Rae8 15. Rfe1 Bc5 16. Nd1 Ne4 17. Be3 Bb4 18. Rf1 Nd2 19. a3 Ba5 20. b4 Bb6 21. Re1 Bxc4 22. Bxd2 Rxe2 23. Rxe2 Bxe2 24. Ne3 Rf4 25. Re1 Bh5 26. g3 Rd4 27. Bc1 Bf3 28. Nf5 Re4 29. Rxe4 Bxe4 30. Ne7+ Kf7 31. Nc8 Bd4 32. Be3 Bxe3 33. fxe3 a6 34. a4 Ke8 35. Na7 Bc2 36. b5 cxb5 37. axb5 a5 0-1

[Event "Titled Tuesday intern op 21st Dec"]
[Site "Chess.com INT"]
[Date "2021.12.21"]
[Round "5"]
[White "Sieciechowicz, Marcin"]
[Black "Tahbaz, Arash"]
[Result "0-1"]
[WhiteElo "2388"]
[BlackElo "2468"]
[PlyCount "80"]
[EventDate "2021.12.21"]
[EventType "swiss (blitz)"]
[EventRounds "11"]
[EventCountry "USA"]
[SourceTitle "CBM 205 Extra"]
[Source "ChessBase"]
[SourceDate "2022.01.31"]
[SourceVersion "1"]
[SourceVersionDate "2022.01.31"]
[SourceQuality "1"]

1. d4 d5 2. c4 e6 3. Nc3 Be7 4. cxd5 exd5 5. Bf4 c6 6. e3 h5 7. Be2 g5 8. Be5 Nf6 9. Bxf6 Bxf6 10. Bxh5 Bf5 11. Be2 Qd7 12. Bd3 Be6 13. Qc2 Qc7 14. h3 Qc8 15. Nge2 a5 16. O-O-O Na6 17. a3 b5 18. e4 b4 19. Na4 Be7 20. Bxa6 Qxa6 21. Nc5 Bxc5 22. dxc5 bxa3 23. bxa3 Rb8 24. Nd4 Kd7 25. exd5 Bxd5 26. Rhe1 Kc8 27. Re7 Rb7 28. Rxb7 Kxb7 29. Qe2 Bc4 30. Qe7+ Ka8 31. Rd2 Bd5 32. Rb2 Qf1+ 33. Kd2 Qxf2+ 34. Ne2 Rb8 35. Rb6 Rxb6 36. Qd8+ Rb8 37. Qxa5+ Kb7 38. Qb6+ Kc8 39. Qa6+ Rb7 40. Qa8+ Kc7 0-1

[Event "Titled Tuesday intern op 21st Dec"]
[Site "Chess.com INT"]
[Date "2021.12.21"]
[Round "5"]
[White "Sramek, Vojtech"]
[Black "Nastore, Pavel Alexandru"]
[Result "1-0"]
[WhiteElo "2230"]
[BlackElo "2329"]
[PlyCount "65"]
[EventDate "2021.12.21"]
[EventType "swiss (blitz)"]
[EventRounds "11"]
[EventCountry "USA"]
[SourceTitle "CBM 205 Extra"]
[Source "ChessBase"]
[SourceDate "2022.01.31"]
[SourceVersion "1"]
[SourceVersionDate "2022.01.31"]
[SourceQuality "1"]

1. e4 c5 2. Nf3 d6 3. d4 cxd4 4. Nxd4 Nf6 5. Nc3 a6 6. Be3 e5 7. Nb3 Be6 8. f3 h5 9. Nd5 Bxd5 10. exd5 Nbd7 11. Be2 g6 12. Qd2 Bg7 13. O-O O-O 14. Rac1 e4 15. f4 b6 16. c4 a5 17. Nd4 Nc5 18. b3 Qd7 19. h3 Nh7 20. f5 Rfe8 21. Bh6 e3 22. Bxe3 Ne4 23. Qd3 Ng3 24. Rf2 h4 25. fxg6 fxg6 26. Ne6 Nf8 27. Rxf8+ Bxf8 28. Qxg6+ Bg7 29. Bd3 Rxe6 30. dxe6 Qe7 31. Rc2 Qf6 32. Qh7+ Kf8 33. Rf2 1-0

[Event "Titled Tuesday intern op 21st Dec"]
[Site "Chess.com INT"]
[Date "2021.12.21"]
[Round "5"]
[White "Stankovic, Ivan G"]
[Black "Langner, Ladislav"]
[Result "1-0"]
[WhiteElo "2255"]
[BlackElo "2370"]
[PlyCount "87"]
[EventDate "2021.12.21"]
[EventType "swiss (blitz)"]
[EventRounds "11"]
[EventCountry "USA"]
[SourceTitle "CBM 205 Extra"]
[Source "ChessBase"]
[SourceDate "2022.01.31"]
[SourceVersion "1"]
[SourceVersionDate "2022.01.31"]
[SourceQuality "1"]

1. e4 c5 2. c4 Nc6 3. Nc3 g6 4. g3 Bg7 5. Bg2 e6 6. Nge2 Nge7 7. d3 d6 8. Be3 Nd4 9. Rb1 Nec6 10. a3 a5 11. O-O O-O 12. Nb5 e5 13. Nexd4 cxd4 14. Bd2 f5 15. f4 fxe4 16. Bxe4 Bh3 17. Rf2 Qd7 18. Qe2 Rae8 19. Re1 Nd8 20. fxe5 dxe5 21. Rxf8+ Rxf8 22. Bxa5 Bh6 23. Bd2 Bg4 24. Qg2 Bh3 25. Bd5+ Kg7 26. Qe2 Bxd2 27. Qxd2 Qf5 28. Qe2 Rf6 29. Bg2 Bg4 30. Qd2 Nc6 31. Nc7 Bh3 32. Nd5 Rf7 33. Qe2 Bxg2 34. Kxg2 h5 35. Rf1 Qg5 36. h4 Qh6 37. Rxf7+ Kxf7 38. b4 Qc1 39. b5 Ne7 40. Nxe7 Kxe7 41. Qxe5+ Kf7 42. Qxd4 Qd2+ 43. Qf2+ Qxf2+ 44. Kxf2 1-0

[Event "Titled Tuesday intern op 21st Dec"]
[Site "Chess.com INT"]
[Date "2021.12.21"]
[Round "5"]
[White "Starozhilov, Leonid"]
[Black "Avramidou, Anastasia"]
[Result "1-0"]
[WhiteElo "2293"]
[BlackElo "2274"]
[PlyCount "71"]
[EventDate "2021.12.21"]
[EventType "swiss (blitz)"]
[EventRounds "11"]
[EventCountry "USA"]
[SourceTitle "CBM 205 Extra"]
[Source "ChessBase"]
[SourceDate "2022.01.31"]
[SourceVersion "1"]
[SourceVersionDate "2022.01.31"]
[SourceQuality "1"]

1. e4 c6 2. d4 d5 3. exd5 cxd5 4. Bd3 Nc6 5. c3 Qc7 6. h3 Nf6 7. Nf3 g6 8. Qc2 Bg7 9. O-O O-O 10. Re1 Re8 11. Bg5 h6 12. Bh4 Nh5 13. Bxg6 fxg6 14. Qxg6 Bxh3 15. Qxh5 Bd7 16. Qxd5+ e6 17. Qh5 Rf8 18. Nbd2 Rf5 19. Qg6 Raf8 20. Re3 Kh8 21. Rae1 Qc8 22. Ne4 Be8 23. Qg3 Qd7 24. Nd6 Rxf3 25. Rxf3 Rxf3 26. gxf3 Bh5 27. Ne4 Kh7 28. Nf6+ Bxf6 29. Bxf6 Bg6 30. Kg2 Qf7 31. Be5 Nxe5 32. Rxe5 Bf5 33. c4 b6 34. d5 exd5 35. cxd5 Bg6 36. d6 1-0

[Event "Titled Tuesday intern op 21st Dec"]
[Site "Chess.com INT"]
[Date "2021.12.21"]
[Round "5"]
[White "Swicarz, Maciej"]
[Black "Bonte, Andrei Mihai"]
[Result "1-0"]
[WhiteElo "2330"]
[BlackElo "2340"]
[PlyCount "87"]
[EventDate "2021.12.21"]
[EventType "swiss (blitz)"]
[EventRounds "11"]
[EventCountry "USA"]
[SourceTitle "CBM 205 Extra"]
[Source "ChessBase"]
[SourceDate "2022.01.31"]
[SourceVersion "1"]
[SourceVersionDate "2022.01.31"]
[SourceQuality "1"]

1. c4 c6 2. e4 e5 3. Nf3 d6 4. Nc3 c5 5. g3 Nc6 6. Bg2 g6 7. O-O Bg7 8. Ne1 Nge7 9. d3 O-O 10. f4 f5 11. Nc2 Nd4 12. Rb1 Rb8 13. Be3 b6 14. a3 Be6 15. b4 Qd7 16. Nd5 fxe4 17. dxe4 Bg4 18. Qd2 Nxd5 19. exd5 Bf5 20. Bxd4 exd4 21. Rbe1 Qa4 22. Rf2 Rbe8 23. Rxe8 Rxe8 24. h4 d3 25. Ne3 Bd4 26. Nxf5 gxf5 27. Qxd3 Re1+ 28. Bf1 Qd1 29. Kg2 Qxd3 30. Bxd3 Bxf2 31. Kxf2 Ra1 32. bxc5 bxc5 33. Bxf5 Rxa3 34. Be6+ Kg7 35. g4 Rc3 36. f5 Rxc4 37. Kf3 Kf6 38. g5+ Ke5 39. Kg3 Rf4 40. f6 Rf1 41. Bg4 h6 42. Bf3 hxg5 43. f7 gxh4+ 44. Kg2 1-0

[Event "Titled Tuesday intern op 21st Dec"]
[Site "Chess.com INT"]
[Date "2021.12.21"]
[Round "5"]
[White "Sychev, Klementy"]
[Black "Senthil, Maran K"]
[Result "0-1"]
[WhiteElo "2550"]
[BlackElo "2220"]
[PlyCount "78"]
[EventDate "2021.12.21"]
[EventType "swiss (blitz)"]
[EventRounds "11"]
[EventCountry "USA"]
[SourceTitle "CBM 205 Extra"]
[Source "ChessBase"]
[SourceDate "2022.01.31"]
[SourceVersion "1"]
[SourceVersionDate "2022.01.31"]
[SourceQuality "1"]

1. d4 Nf6 2. Nf3 d5 3. Bg5 c5 4. e3 Nc6 5. Nbd2 cxd4 6. exd4 Bg4 7. h3 Bh5 8. Nb3 e6 9. Bb5 Be7 10. c3 Ne4 11. Bxe7 Qxe7 12. Be2 O-O 13. Nfd2 Bxe2 14. Qxe2 Nxd2 15. Nxd2 Rab8 16. O-O b5 17. b4 a5 18. a3 a4 19. f4 Qc7 20. g4 Ne7 21. Rf3 Nc8 22. Raf1 Nd6 23. Qg2 Rbe8 24. f5 exf5 25. gxf5 f6 26. Rg3 Ne4 27. Nxe4 Rxe4 28. Kh1 Rfe8 29. Rg1 R8e7 30. Qf3 Qf4 31. Qh5 Re3 32. R3g2 Qf3 33. Qxf3 Rxf3 34. Rg3 Rxf5 35. R1g2 g5 36. Kh2 Rf4 37. Rg4 Rxg4 38. hxg4 Re3 39. Rc2 Kf7 0-1

[Event "Titled Tuesday intern op 21st Dec"]
[Site "Chess.com INT"]
[Date "2021.12.21"]
[Round "5"]
[White "Taboas Rodriguez, Daniel"]
[Black "Ianov, Viktor"]
[Result "0-1"]
[WhiteElo "2367"]
[BlackElo "2279"]
[PlyCount "100"]
[EventDate "2021.12.21"]
[EventType "swiss (blitz)"]
[EventRounds "11"]
[EventCountry "USA"]
[SourceTitle "CBM 205 Extra"]
[Source "ChessBase"]
[SourceDate "2022.01.31"]
[SourceVersion "1"]
[SourceVersionDate "2022.01.31"]
[SourceQuality "1"]

1. d4 d6 2. Nf3 g6 3. c4 Bg7 4. Nc3 Bg4 5. e3 c5 6. Be2 cxd4 7. Nxd4 Bxe2 8. Qxe2 Nc6 9. Nxc6 Bxc3+ 10. bxc3 bxc6 11. c5 d5 12. O-O Nf6 13. c4 O-O 14. Bb2 Ne4 15. Rfd1 Rb8 16. Be5 Rb4 17. cxd5 cxd5 18. Qd3 e6 19. c6 Qb6 20. c7 Rc8 21. Rac1 Nd6 22. Bf6 Rxc7 23. Rxc7 Qxc7 24. h3 Ne4 25. Bd4 Rc4 26. f3 Ng3 27. Kf2 Nf5 28. Bf6 Qg3+ 29. Kg1 Nh4 30. Qe2 g5 31. e4 d4 32. Bxd4 h5 33. Bf6 Kh7 34. Rf1 Kg6 35. Be7 Rc3 36. e5 Re3 37. Qc2+ Nf5 38. Bc5 Rxe5 39. Bxa7 g4 40. fxg4 hxg4 41. Bb8 Qe3+ 42. Qf2 Qxf2+ 43. Kxf2 g3+ 44. Kf3 Rb5 45. Re1 Rxb8 46. Re4 Rb2 47. a4 Rf2+ 48. Kg4 Rxg2 49. a5 Ra2 50. Re1 Rxa5 0-1

[Event "Titled Tuesday intern op 21st Dec"]
[Site "Chess.com INT"]
[Date "2021.12.21"]
[Round "5"]
[White "Toshali, V."]
[Black "Itkis, Boris"]
[Result "0-1"]
[WhiteElo "2126"]
[BlackElo "2343"]
[PlyCount "90"]
[EventDate "2021.12.21"]
[EventType "swiss (blitz)"]
[EventRounds "11"]
[EventCountry "USA"]
[SourceTitle "CBM 205 Extra"]
[Source "ChessBase"]
[SourceDate "2022.01.31"]
[SourceVersion "1"]
[SourceVersionDate "2022.01.31"]
[SourceQuality "1"]

1. b4 c6 2. Bb2 a5 3. c3 Qb6 4. a3 e6 5. Qc2 Nf6 6. Nf3 d5 7. e3 c5 8. b5 a4 9. c4 Bd7 10. d3 Be7 11. Nc3 O-O 12. Nxa4 Qa5+ 13. Nc3 e5 14. d4 exd4 15. exd4 dxc4 16. Bxc4 cxd4 17. Nxd4 Rc8 18. Qb3 Bc5 19. Nf3 Re8+ 20. Be2 Qb6 21. O-O Bxf2+ 22. Kh1 Be6 23. Qc2 Be3 24. Bd3 Nbd7 25. Ne4 Nxe4 26. Bxe4 g6 27. Bd3 Rac8 28. Qd1 Nc5 29. Be2 Rcd8 30. Qc2 Bf5 31. Qc4 Ne4 32. g3 Nf2+ 33. Kg2 Nd3 34. Qb3 Nxb2 35. Qxb2 Be4 36. a4 Rd2 37. Qb3 Rxe2+ 38. Kh3 Bf5+ 39. g4 Bxg4+ 40. Kxg4 Re4+ 41. Kh3 Qf6 42. Qd3 Qf5+ 43. Kg3 Rg4+ 44. Kh3 Qh5+ 45. Nh4 Qxh4# 0-1

[Event "Titled Tuesday intern op 21st Dec"]
[Site "Chess.com INT"]
[Date "2021.12.21"]
[Round "5"]
[White "Tsvetkov, Andrey1"]
[Black "Koellner, Ruben Gideon"]
[Result "0-1"]
[WhiteElo "2384"]
[BlackElo "2428"]
[PlyCount "82"]
[EventDate "2021.12.21"]
[EventType "swiss (blitz)"]
[EventRounds "11"]
[EventCountry "USA"]
[SourceTitle "CBM 205 Extra"]
[Source "ChessBase"]
[SourceDate "2022.01.31"]
[SourceVersion "1"]
[SourceVersionDate "2022.01.31"]
[SourceQuality "1"]

1. d4 d6 2. e4 Nf6 3. Nc3 e5 4. Nf3 Nbd7 5. Bc4 Be7 6. O-O c6 7. Re1 h6 8. a4 Qc7 9. d5 Nf8 10. a5 Ng6 11. a6 b5 12. Bf1 b4 13. Na2 c5 14. c3 bxc3 15. Nxc3 Bd7 16. Bd2 Rb8 17. Qc2 O-O 18. Rec1 Qb6 19. Rab1 Qb3 20. Qd3 Rfc8 21. Be3 Qb4 22. Nd2 Ng4 23. Nc4 Nxe3 24. Nxe3 Nf4 25. Qd1 c4 26. Nc2 Qb6 27. Na3 Qxa6 28. Nxc4 Qb7 29. Na5 Qb6 30. b4 Bd8 31. Qd2 Qd4 32. Qxd4 exd4 33. Na2 Rxc1 34. Rxc1 Bxa5 35. bxa5 Rb2 36. Bc4 Rxa2 37. g3 Ne2+ 38. Bxe2 Rxe2 39. Rc7 Bb5 40. f4 d3 41. e5 dxe5 0-1

[Event "Titled Tuesday intern op 21st Dec"]
[Site "Chess.com INT"]
[Date "2021.12.21"]
[Round "5"]
[White "Tzoumbas, Anastasios"]
[Black "Maksimovic, Bojan"]
[Result "1/2-1/2"]
[WhiteElo "2287"]
[BlackElo "2451"]
[PlyCount "102"]
[EventDate "2021.12.21"]
[EventType "swiss (blitz)"]
[EventRounds "11"]
[EventCountry "USA"]
[SourceTitle "CBM 205 Extra"]
[Source "ChessBase"]
[SourceDate "2022.01.31"]
[SourceVersion "1"]
[SourceVersionDate "2022.01.31"]
[SourceQuality "1"]

1. e4 e5 2. Nf3 Nc6 3. Bb5 g6 4. O-O Bg7 5. c3 a6 6. Ba4 d6 7. h3 Nge7 8. d3 O-O 9. Nbd2 h6 10. Re1 f5 11. Nf1 f4 12. d4 g5 13. dxe5 dxe5 14. Qxd8 Rxd8 15. Bb3+ Kh7 16. Bf7 Rd6 17. b3 Be6 18. Bh5 Rad8 19. Ba3 Rd3 20. Rac1 Ng8 21. N1h2 Nf6 22. Bg4 Bxg4 23. Nxg4 Nxg4 24. hxg4 Kg6 25. Kf1 Kf7 26. Ke2 Ke6 27. Red1 Rxd1 28. Rxd1 Rxd1 29. Kxd1 b6 30. Ke2 Nd8 31. Kd3 Nf7 32. c4 c5 33. Bb2 Bf6 34. a4 a5 35. Bc3 Ke7 36. Bb2 Kf8 37. Nd2 Kg7 38. Nb1 h5 39. gxh5 Kh6 40. Nc3 Kxh5 41. Nd5 Bd8 42. Ke2 g4 43. f3 Kh4 44. Kf2 gxf3 45. gxf3 Kh3 46. Bc3 Bh4+ 47. Ke2 Bd8 48. Bb2 Kg2 49. Bc3 Kh3 50. Kf2 Bh4+ 51. Ke2 Bd8 1/2-1/2

[Event "Titled Tuesday intern op 21st Dec"]
[Site "Chess.com INT"]
[Date "2021.12.21"]
[Round "5"]
[White "Van Osch, Mees"]
[Black "Karpov, Vadim"]
[Result "0-1"]
[WhiteElo "2364"]
[BlackElo "2345"]
[PlyCount "83"]
[EventDate "2021.12.21"]
[EventType "swiss (blitz)"]
[EventRounds "11"]
[EventCountry "USA"]
[SourceTitle "CBM 205 Extra"]
[Source "ChessBase"]
[SourceDate "2022.01.31"]
[SourceVersion "1"]
[SourceVersionDate "2022.01.31"]
[SourceQuality "1"]

1. e4 c6 2. Nc3 d5 3. d3 Nf6 4. e5 Ng8 5. f4 h5 6. Nf3 Bg4 7. h3 Bxf3 8. Qxf3 e6 9. d4 Ne7 10. Be3 h4 11. Bd3 g6 12. Ne2 Nf5 13. Bf2 Nd7 14. O-O-O Qa5 15. Kb1 Qb6 16. c4 dxc4 17. Bxc4 Qb4 18. Bb3 Nb6 19. a3 Qa5 20. g4 hxg3 21. Nxg3 Nxg3 22. Bxg3 Be7 23. h4 Rh5 24. Qg4 O-O-O 25. Bxe6+ fxe6 26. Qxe6+ Rd7 27. Qxg6 Rh8 28. Qe6 Bxa3 29. bxa3 Qxa3 30. Rh3 Nd5 31. Be1 Qa4 32. Rdd3 Qc4 33. Rb3 Nc3+ 34. Rhxc3 Qxe6 35. Bf2 Rd5 36. Rf3 Qf5+ 37. Kb2 Rg8 38. h5 Rg2 39. Ka3 Qc2 40. f5 Rxf2 41. Rxf2 Qxf2 42. f6 0-1

[Event "Titled Tuesday intern op 21st Dec"]
[Site "Chess.com INT"]
[Date "2021.12.21"]
[Round "5"]
[White "Vargas, Gabriela"]
[Black "Blokhin, Sofia"]
[Result "0-1"]
[WhiteElo "2152"]
[BlackElo "2032"]
[PlyCount "74"]
[EventDate "2021.12.21"]
[EventType "swiss (blitz)"]
[EventRounds "11"]
[EventCountry "USA"]
[SourceTitle "CBM 205 Extra"]
[Source "ChessBase"]
[SourceDate "2022.01.31"]
[SourceVersion "1"]
[SourceVersionDate "2022.01.31"]
[SourceQuality "1"]

1. d4 f5 2. e4 fxe4 3. Nc3 Nf6 4. Bg5 c6 5. Bxf6 exf6 6. Nxe4 d5 7. Nc3 Bb4 8. Bd3 Qe7+ 9. Qe2 Qxe2+ 10. Ngxe2 O-O 11. O-O Bd6 12. Rfe1 Na6 13. a3 Nc7 14. Ng3 g6 15. Re2 f5 16. Rae1 Bd7 17. f3 f4 18. Nh1 Rae8 19. Nf2 Ne6 20. Na4 Nxd4 21. Rxe8 Rxe8 22. Rxe8+ Bxe8 23. c3 Ne6 24. c4 Nd4 25. cxd5 cxd5 26. Nc3 Bc6 27. Bb1 Kf7 28. Ba2 Ke6 29. Nfe4 Ke5 30. Ng5 h5 31. b4 a5 32. b5 Bc5 33. Kh1 Nxb5 34. Nf7+ Kf6 35. Nxb5 Bxb5 36. Bxd5 Bxa3 37. Nd6 Bxd6 0-1

[Event "Titled Tuesday intern op 21st Dec"]
[Site "Chess.com INT"]
[Date "2021.12.21"]
[Round "5"]
[White "Vidruska, Renate"]
[Black "Baldauf, Marco"]
[Result "1-0"]
[WhiteElo "2029"]
[BlackElo "2522"]
[PlyCount "63"]
[EventDate "2021.12.21"]
[EventType "swiss (blitz)"]
[EventRounds "11"]
[EventCountry "USA"]
[SourceTitle "CBM 205 Extra"]
[Source "ChessBase"]
[SourceDate "2022.01.31"]
[SourceVersion "1"]
[SourceVersionDate "2022.01.31"]
[SourceQuality "1"]

1. e4 c5 2. Nf3 d6 3. d4 cxd4 4. Nxd4 Nf6 5. Nc3 a6 6. Be3 e6 7. f3 b5 8. Qd2 Bb7 9. O-O-O Nbd7 10. g4 Ne5 11. h4 Rc8 12. g5 Nfd7 13. Kb1 Nb6 14. b3 Qc7 15. Kb2 d5 16. exd5 Bb4 17. Ncxb5 Bxd2 18. Nxc7+ Rxc7 19. Bxd2 Nxd5 20. c4 Ne7 21. Be2 O-O 22. Bc3 N5g6 23. Rd2 Rb8 24. Rhd1 Nxh4 25. Nf5 Nc6 26. Nxh4 a5 27. f4 Kf8 28. Nf3 Ke7 29. Ne5 Ra8 30. Nxc6+ Bxc6 31. Be5 Rb7 32. Bxg7 1-0